Geometrodynamics.

Bibliographic Details
Main Author: Wheeler, John Archibald, 1911-2008
Format: Book
Language:English
Published: New York : Academic Press, [1962]
Series:Societa italiana di fisica. Questioni di fisica moderna, v. 1
Subjects:

MARC

Tag First Indicator Second Indicator Subfields
LEADER 00000cam a2200000 4500
001 in00000044264
005 20151007071042.0
008 750507s1962 nyua b 00000 eng u
010 |a  62013645  
035 |a (OCoLC)01317194 
035 |9 AAE5226AM 
040 |c GAT  |d TXA  |d UtOrBLW 
049 |a TXAM  |c 1 [359823] 
050 0 0 |a QC6.5  |b .W45 
082 0 |a 530.1 
092 |a 530.1  |b W563g, 1962 
100 1 |a Wheeler, John Archibald,  |d 1911-2008. 
245 1 0 |a Geometrodynamics. 
264 1 |a New York :  |b Academic Press,  |c [1962] 
300 |a 334 pages :  |b illustrations ;  |c 25 cm. 
336 |a text  |b txt  |2 rdacontent 
337 |a unmediated  |b n  |2 rdamedia 
338 |a volume  |b nc  |2 rdacarrier 
490 0 |a Societa italiana di fisica. Questioni di fisica moderna, v. 1 
504 |a Includes bibliography. 
650 0 |a Unified field theories. 
650 0 |a Geometry, Differential. 
650 0 |a Generalized spaces. 
650 0 |a Mathematical physics. 
999 |a MARS 
999 f f |s 179df81e-849c-33e5-b1c0-9b83c529a6f3  |i f4cc9621-9203-3279-a327-373db6691add  |t 0 
952 f f |p normal  |a Texas A&M University  |b College Station  |c Sterling C. Evans Library  |d Evans: Library Stacks  |t 0  |e QC6.5 .W45  |h Library of Congress classification  |i unmediated -- volume  |m A14800909390 
998 f f |a QC6.5 .W45  |t 0  |l Evans: Library Stacks